00577nam a2200193Ia 450000500170000000800410001702000060005808200130006410000290007724500530010625000090015926000470016830000170021565000210023265000130025394200060026695200960027299900150036820240610013853.0240331s9999 xx 000 0 und d a  bWESa331 aWesumperuma, Dharmapriya 0aIndian immigrant plantation workers in Sri Lanka a1 st aSriLankabSri Lanka National Libraryc1986 axx, 325 p ., aLabor Migration  aEconomic cL 001040708LaWERCLbWERCLcSSCd2024-03-31l0o 331.62 WESp63r2024-03-31w2024-03-31yL c2725d2725